| 000 | 02519cam a22002294a 4500 | ||
|---|---|---|---|
| 005 | 20250605163949.0 | ||
| 008 | 250528s ||||||||||||||||||||||||d | ||
| 035 | _a15325 | ||
| 020 | _a020152824X | ||
| 040 |
_aGR-AtMCL _bgre _dGR-AtMCL _eAACR2 |
||
| 245 | 1 | _aMultinational Business Finance / Fifth Edition | |
| 250 | _a5th | ||
| 260 |
_bAllyn And Bacon, _c1988 |
||
| 300 | _a682 | ||
| 505 | 0 | _aThe International Financial Environment, Trends and Themes, The International Monetary System, Balance of Payments and Parity Conditions, Spot and Forward Markets, Futures and Options Markets, Foreign Exchange Risk Management, Forecasting Foreign Exchange Rates, Managing Economic Exposure, Managing Transaction Exposure, Managing Translation Exposure, Capital Markets and Financing Instruments, Global Financial Markets, Cost of Capital and Financial Structure, International Portfolio Diversification, International Banking and the International Debt Crisis, Trade Documentation: Letters of Credit and Drafts and Bills of Landing, Specialized Trade Financing: Export Credit Insurance and Forfaiting and Countertrade, Direct Foreign Investment Decisions, Direct Foreign Investment Strategy, Political Risk Management, Multinational Capital Budgeting, Management of Ongoing Operations, Current Asset Management, Performance Evaluation and Control, Glossary, Author and Subject Index. | |
| 520 | _aThe International Financial Environment, Trends and Themes, The International Monetary System, Balance of Payments and Parity Conditions, Spot and Forward Markets, Futures and Options Markets, Foreign Exchange Risk Management, Forecasting Foreign Exchange Rates, Managing Economic Exposure, Managing Transaction Exposure, Managing Translation Exposure, Capital Markets and Financing Instruments, Global Financial Markets, Cost of Capital and Financial Structure, International Portfolio Diversification, International Banking and the International Debt Crisis, Trade Documentation: Letters of Credit and Drafts and Bills of Landing, Specialized Trade Financing: Export Credit Insurance and Forfaiting and Countertrade, Direct Foreign Investment Decisions, Direct Foreign Investment Strategy, Political Risk Management, Multinational Capital Budgeting, Management of Ongoing Operations, Current Asset Management, Performance Evaluation and Control, Glossary, Author and Subject Index. | ||
| 700 | 1 |
_aEiteman David K _91223 |
|
| 700 | 1 |
_aStonehill Arthur I _91224 |
|
| 942 | _cBK | ||
| 999 |
_c915 _d915 |
||